Majlis pelancaran Laporan Pasaran Harta 1999 dan Indeks Harga Rumah Malaysia pada 29 Mac 2000 [
| Format: | Book |
|---|---|
| Published: |
Bangi :
INSPEN ,
2000
|
| Subjects: |
MARC
| LEADER | 00000cam a2200000 7i4500 | ||
|---|---|---|---|
| 001 | 0000019593 | ||
| 005 | 20070625.0 | ||
| 040 | |a INS | ||
| 090 | 0 | 0 | |a HD7287 2000 |
| 245 | 0 | 0 | |a Majlis pelancaran Laporan Pasaran Harta 1999 dan Indeks Harga Rumah Malaysia pada 29 Mac 2000 [ |h cakera video] |
| 260 | |a Bangi : |b INSPEN , |c 2000 | ||
| 300 | |a 1 cakera video (61 min.) : |b sd.,col. ; |c 3/4 in. | ||
| 500 | |a Juga terdapat dalam bentuk VHS | ||
| 650 | 0 | 0 | |a Economy indicators |
| 650 | 0 | 0 | |a Housing |x Prizes |
| 999 | |a 0000VCD833 |b VIDEO CD |c Media Collection |e Default branch | ||